the 58 prepositions - Statistics

General Stats
  • This quiz has been taken 18 times
  • The average score is 20 of 52
Answer Stats
Answer % Correct
to
91%
under
82%
with
82%
at
73%
in
73%
above
64%
for
64%
over
64%
without
64%
about
55%
around
55%
below
55%
down
55%
on
55%
up
55%
across
45%
after
45%
before
45%
beneath
45%
from
45%
within
45%
against
36%
behind
36%
beside
36%
between
36%
inside
36%
into
36%
of
36%
toward
36%
along
27%
but
27%
by
27%
off
27%
since
27%
underneath
27%
until
27%
amid
18%
among
18%
beyond
18%
like
18%
near
18%
onto
18%
outside
18%
through
18%
upon
18%
atop
9%
concerning
9%
during
9%
except
9%
past
9%
regarding
9%
throughout
9%
No matching quizzes found
Score Distribution
Percent of People with Each Score
Percentile by Number Answered
Your Score History
You have not taken this quiz